Polygons - Statistics

General Stats
  • This quiz has been taken 532 times
  • The average score is 16 of 24
Answer Stats
Answer % Correct
Triangle
99%
Octagon
96%
Hexagon
95%
Pentagon
95%
Square
94%
Decagon
88%
Rectangle
86%
Heptagon
83%
Nonagon
83%
Right
81%
Acute
79%
Obtuse
79%
Quadrilateral
75%
Isosceles
71%
Scalene
67%
Trapezoid
67%
Rhombus
66%
Parallelogram
64%
Equilateral
57%
Kite
33%
Regular
32%
Concave
21%
Convex
21%
Cyclic
11%
No matching quizzes found
Score Distribution
Percent of People with Each Score
Percentile by Number Answered
Your Score History
You have not taken this quiz